000 00490nam a2200181Ia 4500
005 20250508160546.0
008 008 250505s9999 xx 000 0 eng d
037 _aTextual
040 _aFEDL
_beng
_cFEDL
041 _aeng
_2eng
084 _a540, CHE
_qFEDL
245 0 _aChemical systems
245 0 _cChemical Bond Approach Project
260 _aSt. Louis
_bMcGraw-Hill Book Company
_c1964
300 _a772p
942 _cTEXL
_h540, CHE
999 _c1365339
_d1365339